| 000 | nam a22 a 4500 | ||
|---|---|---|---|
| 999 |
_c3257 _d3257 |
||
| 003 | AKMAL | ||
| 005 | 20170522095023.0 | ||
| 008 | 170522t19811976-us 00 eng d | ||
| 020 | _a0471065102 | ||
| 040 |
_aAKMAL _cAKMAL |
||
| 082 | 0 | 4 | _a658.403 SHI |
| 090 | 0 | 0 |
_a658.403 _bSHI |
| 090 |
_a658.403 _bSHI |
||
| 100 | 1 |
_aShirley, Robert C. _96661 |
|
| 245 | 1 | 0 |
_aStrategy and policy formation : _ba multifunctional orientation / _cRobert C. Shirley, Michael H. Peters, Adel L. El-Ansary |
| 250 | _a2nd. ed | ||
| 260 |
_aNew York : _bJohn Wiley & Sons, _c1981 |
||
| 300 | 0 | 0 |
_axvi, 286p. : _bill. ; _c24cm |
| 490 | 0 | _aWiley series in management | |
| 504 | _aIncludes bibliographical references and index | ||
| 650 | 0 |
_aIndustrial management _xDecision making _96662 |
|
| 650 | 0 |
_aIndustrial management _92203 |
|
| 700 | 1 |
_aPeters, Michael H. _96663 |
|
| 700 | 1 |
_aEl-Ansary, Adel L. _96664 |
|
| 942 |
_2ddc _cBOOK |
||